Normal view
MARC view
Entry Topical Term
001 - CONTROL NUMBER
- control field: 16275
003 - CONTROL NUMBER IDENTIFIER
- control field: OSt
005 - DATE AND TIME OF LATEST TRANSACTION
- control field: 20151023100216.0
008 - FIXED-LENGTH DATA ELEMENTS
- fixed length control field: 151023|| aca||aabn | a|a d
040 ## - CATALOGING SOURCE
- Original cataloging agency: OSt
- Transcribing agency: OSt
150 ## - HEADING--TOPICAL TERM
- Topical term or geographic name entry element: History
670 ## - SOURCE DATA FOUND
- Source citation: Work cat.: (OSt)3890: Chattopadhyay, Gautam 16274, Bengal Electoral Politics and Freedom Struggle 1862-1947, 1984









